000
00295nam a2200109Ia 4500
008
230907s9999||||xx |||||||||||||| ||und||
082
_a
338.064
_b
ECO
245
4
_a
The economics of innovation policy /
260
_a
Edward Elgar Pub.,
_b
Cheltenham :
_c
2008
300
_a
2 vol set. :
942
_c
BK
999
_c
599131
_d
599131